000
00193 a2200097 4500
020
_a
9780618649655
041
_a
eng
100
_a
Gay tanner ottley
245
_a
Voyage of the fram
942
_c
BK
999
_c
9630
_d
9630